书目信息 |
| 题名: |
旅游学概论
|
|
| 作者: | 张建忠 主编 | |
| 分册: | ||
| 出版信息: | 北京 中国旅游出版社 2015.07 |
|
| 页数: | 245页 | |
| 开本: | 26cm | |
| 丛书名: | 中国旅游业普通高等教育应用型规划教材 | |
| 单 册: | ||
| 中图分类: | F590 | |
| 科图分类: | ||
| 主题词: | 旅游学--lu^ you xue--高等教育--教材 | |
| 电子资源: | ||
| ISBN: | 978-7-5032-5355-3 | |
| 000 | 01146nam 2200301 450 | |
| 001 | 0100195230 | |
| 005 | 20201117103628.14 | |
| 010 | @a978-7-5032-5355-3@dCNY34.50 | |
| 100 | @a20150803d2015 em y0chiy50 ea | |
| 101 | 0 | @achi |
| 102 | @aCN@b110000 | |
| 105 | @ak z 000yy | |
| 106 | @ar | |
| 200 | 1 | @a旅游学概论@Alu you xue gai lun@f张建忠主编@Fzhang jian zhong zhu bian |
| 210 | @a北京@c中国旅游出版社@d2015.07 | |
| 215 | @a245页@d26cm | |
| 225 | 2 | @a中国旅游业普通高等教育应用型规划教材@Azhong guo lu^ you ye pu tong gao deng jiao yu ying yong xing gui hua jiao cai |
| 300 | @a山西省特色专业支撑教材 | |
| 330 | @a本书共分为九章, 主要内容包括: 旅游学导读、旅游的产生与发展、旅游者、旅游资源、旅游业、旅游市场、旅游的社会影响、旅游业的可持续发展、旅游组织和旅游业的发展趋势与未来。 | |
| 333 | @a中国高等教育学会“十二五”规划教材 | |
| 410 | 0 | @12001 @a中国旅游业普通高等教育应用型规划教材 |
| 540 | @a旅游学概论 | |
| 606 | 0 | @a旅游学@Alu^ you xue@x高等教育@j教材 |
| 690 | @aF590@v5 | |
| 701 | 0 | @a张建忠@Azhang jian zhong@4主编 |
| 801 | @aCN | |
| 901 | @a19 | |
| 905 | @a河南城建学院图书馆@b1274589-91@dF590@eZ129@f3 | |
| 旅游学概论/张建忠主编.-北京:中国旅游出版社,2015.07 |
| 245页;26cm.-(中国旅游业普通高等教育应用型规划教材) |
| 山西省特色专业支撑教材.-使用对象:中国高等教育学会“十二五”规划教材 |
| ISBN 978-7-5032-5355-3:CNY34.50 |
| 本书共分为九章, 主要内容包括: 旅游学导读、旅游的产生与发展、旅游者、旅游资源、旅游业、旅游市场、旅游的社会影响、旅游业的可持续发展、旅游组织和旅游业的发展趋势与未来。 |
| ● |
| 相关链接 |
|
|
|
正题名:旅游学概论
索取号:F590/Z129
 
预约/预借
| 序号 | 登录号 | 条形码 | 馆藏地/架位号 | 状态 | 备注 |
| 1 | 1274589 | 212745898 | 社科库409/409社科库 38排6列2层/ [索取号:F590/Z129] | 在馆 | |
| 2 | 1274590 | 212745904 | 社科库409/409社科库 38排6列2层/ [索取号:F590/Z129] | 在馆 | |
| 3 | 1274591 | 212745911 | 社科二线422/409社科库 38排6列2层/ [索取号:F590/Z129] | 在馆 |